[Event "GBR-ch105"]
[Site "Hull"]
[Date "2018.07.28"]
[Round "1"]
[White "Jackson, Sheila"]
[Black "Eggleston, David"]
[Result "0-1"]
[WhiteElo "2072"]
[BlackElo "2397"]
[PlyCount "84"]
[EventDate "2018.07.28"]
[EventType "swiss"]
[EventRounds "9"]
[EventCountry "GBR"]
[SourceTitle "CBM 185 Extra"]
[Source "ChessBase"]
[SourceDate "2018.06.29"]
[SourceVersion "1"]
[SourceVersionDate "2018.06.29"]
[SourceQuality "1"]

1. e4 c5 2. Nf3 d6 3. Bb5+ Nd7 4. a4 Ngf6 5. Nc3 g6 6. O-O Bg7 7. d4 cxd4 8.
Qxd4 O-O 9. Re1 Nb6 10. Qd1 Bg4 11. a5 Nbd7 12. h3 Bxf3 13. Qxf3 Ne5 14. Qd1 a6
15. Bf1 Nc6 16. Be3 Nxa5 17. e5 Ne8 18. Nd5 Nc6 19. Bb6 Qd7 20. exd6 exd6 21.
c3 Nf6 22. Nxf6+ Bxf6 23. Qf3 Bg7 24. Rad1 Rfe8 25. Rxe8+ Rxe8 26. Bc5 Bf8 27.
Ba3 Rd8 28. c4 Qe6 29. b3 h5 30. h4 Bg7 31. g3 Rd7 32. Bg2 Nd4 33. Qd3 b5 34.
Bd5 Qg4 35. Re1 bxc4 36. bxc4 Kh7 37. Re4 Nf3+ 38. Kg2 Nxh4+ 39. Kf1 Qh3+ 40.
Ke2 Nf5 41. c5 dxc5 42. Bxc5 Nd4+ 0-1

[Event "GBR-ch105"]
[Site "Hull"]
[Date "2018.07.30"]
[Round "3"]
[White "Price, Gwilym"]
[Black "Palliser, Richard JD"]
[Result "0-1"]
[WhiteElo "2085"]
[BlackElo "2418"]
[PlyCount "64"]
[EventDate "2018.07.28"]
[EventType "swiss"]
[EventRounds "9"]
[EventCountry "GBR"]
[SourceTitle "CBM 185 Extra"]
[Source "ChessBase"]
[SourceDate "2018.06.29"]
[SourceVersion "1"]
[SourceVersionDate "2018.06.29"]
[SourceQuality "1"]

1. e4 c6 2. d4 d5 3. e5 Bf5 4. h4 h5 5. Bd3 Bxd3 6. Qxd3 Qa5+ 7. Nd2 e6 8. Ngf3
Nh6 9. O-O Qa6 10. c4 Nd7 11. Qc3 Nf5 12. a4 Be7 13. g3 c5 14. cxd5 exd5 15.
dxc5 Nxc5 16. b4 Qd3 17. Qa3 Qxa3 18. Bxa3 Nxa4 19. Rfc1 b5 20. Nb3 a6 21. Nc5
Nxc5 22. bxc5 Rh6 23. c6 Rc8 24. Bxe7 Nxe7 25. Rxa6 Rhxc6 26. Raxc6 Rxc6 27.
Rb1 Rb6 28. Nd4 b4 29. f4 Kd7 30. Kf2 Nc6 31. Nxc6 Kxc6 32. Ke3 b3 0-1

[Event "GBR-ch105"]
[Site "Hull"]
[Date "2018.08.02"]
[Round "6"]
[White "Longson, Sarah N"]
[Black "Miller, Dominic"]
[Result "1-0"]
[WhiteElo "2123"]
[BlackElo "2017"]
[PlyCount "74"]
[EventDate "2018.07.28"]
[EventType "swiss"]
[EventRounds "9"]
[EventCountry "GBR"]
[SourceTitle "CBM 185 Extra"]
[Source "ChessBase"]
[SourceDate "2018.06.29"]
[SourceVersion "1"]
[SourceVersionDate "2018.06.29"]
[SourceQuality "1"]

1. e4 c6 2. d4 d5 3. f3 e6 4. Bf4 Nf6 5. Nc3 Bb4 6. Qd3 b6 7. Nge2 Ba6 8. Qe3
c5 9. O-O-O O-O 10. Bg5 Bxe2 11. Nxe2 h6 12. Bh4 Ng4 13. fxg4 Qxh4 14. exd5
cxd4 15. Qxd4 Bc5 16. Qe4 exd5 17. Rxd5 Nc6 18. g3 Qf6 19. Rf5 Qd6 20. Bg2 Rad8
21. Rd5 Qe7 22. Qxe7 Nxe7 23. Re5 Ng6 24. Re4 f5 25. gxf5 Rxf5 26. b4 Be7 27.
h4 Rf2 28. Bh3 Bxb4 29. h5 Nf8 30. c3 Bc5 31. Rd1 Rxd1+ 32. Kxd1 Kf7 33. Bg4
Rf6 34. Nf4 g5 35. hxg6+ Nxg6 36. Bh5 a5 37. Nxg6 Rxg6 1-0

[Event "GBR-ch105"]
[Site "Hull"]
[Date "2018.08.04"]
[Round "8"]
[White "Adams, Michael"]
[Black "Pert, Nicholas"]
[Result "1/2-1/2"]
[WhiteElo "2706"]
[BlackElo "2544"]
[PlyCount "89"]
[EventDate "2018.07.28"]
[EventType "swiss"]
[EventRounds "9"]
[EventCountry "GBR"]
[SourceTitle "CBM 186"]
[Source "ChessBase"]
[SourceDate "2018.09.14"]
[SourceVersion "1"]
[SourceVersionDate "2018.09.14"]
[SourceQuality "1"]

1. e4 c5 2. Nf3 Nc6 3. Bb5 Nf6 4. Nc3 g6 5. h3 Bg7 6. e5 Ng8 7. Bxc6 dxc6 8. d3
Nh6 9. g4 O-O 10. Qe2 Qb6 11. Nd2 Qc7 12. Nb3 f5 13. g5 Nf7 14. f4 b6 15. Be3
Be6 16. Nd2 Bd5 17. Nf3 Nd8 18. h4 Ne6 19. h5 Bxf3 20. Qxf3 Nd4 21. Qf2 Rfd8
22. O-O-O e6 23. Rh4 Qd7 24. Ne2 Nxe2+ 25. Qxe2 Kf7 26. c4 Qc7 27. Rdh1 Rg8 28.
R1h3 Rad8 29. Kc2 Qc8 30. Qf3 a5 31. Rh2 Qd7 32. Rd2 Qc7 33. Qh1 Qc8 34. Rh3
Qd7 35. Qf3 Qc8 36. Rh1 Rd7 37. Kd1 Rgd8 38. Ke2 a4 39. Rb1 Ra7 40. b4 axb3 41.
Rxb3 Qc7 42. Rdb2 Rda8 43. Rxb6 Rxa2 44. R6b3 Bxe5 45. fxe5 1/2-1/2

[Event "GBR-ch105"]
[Site "Hull"]
[Date "2018.08.05"]
[Round "9"]
[White "Fitzsimons, David"]
[Black "Wells, Peter K"]
[Result "0-1"]
[WhiteElo "2328"]
[BlackElo "2426"]
[PlyCount "58"]
[EventDate "2018.07.28"]
[EventType "swiss"]
[EventRounds "9"]
[EventCountry "GBR"]
[SourceTitle "CBM 185 Extra"]
[Source "ChessBase"]
[SourceDate "2018.06.29"]
[SourceVersion "1"]
[SourceVersionDate "2018.06.29"]
[SourceQuality "1"]

1. e4 c6 2. d4 d5 3. exd5 cxd5 4. Bf4 Nc6 5. c3 Bf5 6. Nd2 e6 7. Ngf3 Bd6 8.
Bxd6 Qxd6 9. Bb5 Nge7 10. Nh4 Bg6 11. g3 a6 12. Nxg6 hxg6 13. Be2 g5 14. Kf1 f5
15. Nb3 Kf7 16. Bd3 Rh6 17. Qd2 g4 18. Re1 Rah8 19. Kg2 a5 20. Bc2 b6 21. Nc1
e5 22. dxe5 Nxe5 23. Qf4 Nf3 24. Rd1 Rxh2+ 25. Rxh2 Rxh2+ 26. Kf1 Qxf4 27. gxf4
g3 28. Ke2 Rxf2+ 29. Ke3 d4+ 0-1

[Event "GBR-ch105 Major Open"]
[Site "Hull"]
[Date "2018.07.28"]
[Round "1"]
[White "Brewer, Callum D"]
[Black "Akeya Price, Robert A"]
[Result "1/2-1/2"]
[WhiteElo "2064"]
[BlackElo "1820"]
[PlyCount "68"]
[EventDate "2018.07.28"]
[EventType "swiss"]
[EventRounds "9"]
[EventCountry "GBR"]
[SourceTitle "CBM 185 Extra"]
[Source "ChessBase"]
[SourceDate "2018.06.29"]
[SourceVersion "1"]
[SourceVersionDate "2018.06.29"]
[SourceQuality "1"]

1. e4 c6 2. c4 d5 3. exd5 cxd5 4. cxd5 Qxd5 5. Nc3 Qd8 6. Nf3 Nf6 7. Bc4 e6 8.
O-O Be7 9. d4 Nd5 10. Re1 O-O 11. a3 Nc6 12. Bd3 Qb6 13. Bc2 Bf6 14. Na4 Qc7
15. b4 b5 16. Nc5 a5 17. bxa5 Nxd4 18. Nxd4 Qxc5 19. Bb2 Bb7 20. Rc1 Qe7 21.
Qd3 g6 22. Qxb5 Nf4 23. Nf5 gxf5 24. Bxf6 Qxf6 25. Qxb7 Rxa5 26. Qb4 Qg5 27. g3
Ne2+ 28. Kf1 Nxc1 29. Qxa5 Rc8 30. f4 Qg4 31. Qd2 Qf3+ 32. Kg1 Nb3 33. Qd3 Qxd3
34. Bxd3 Rc3 1/2-1/2

[Event "GBR-ch105 Major Open"]
[Site "Hull"]
[Date "2018.07.28"]
[Round "1"]
[White "Cawston, M John"]
[Black "Villiers, Thomas"]
[Result "1/2-1/2"]
[WhiteElo "1871"]
[BlackElo "2173"]
[PlyCount "209"]
[EventDate "2018.07.28"]
[EventType "swiss"]
[EventRounds "9"]
[EventCountry "GBR"]
[SourceTitle "CBM 185 Extra"]
[Source "ChessBase"]
[SourceDate "2018.06.29"]
[SourceVersion "1"]
[SourceVersionDate "2018.06.29"]
[SourceQuality "1"]

1. d4 Nf6 2. c4 e6 3. g3 d5 4. Nf3 Nbd7 5. Bg2 dxc4 6. Qc2 Be7 7. O-O O-O 8.
Qxc4 a6 9. Qc2 c5 10. Rd1 cxd4 11. Nxd4 Bc5 12. h3 Qe7 13. Nc3 Nb6 14. e4 e5
15. Nb3 Bd6 16. Be3 Nc4 17. Bg5 Be6 18. Nd5 Bxd5 19. Rxd5 Rac8 20. Qe2 h6 21.
Bxf6 Qxf6 22. Rad1 Rfd8 23. Nc1 b5 24. b3 Nb6 25. R5d2 Bc5 26. Rxd8+ Rxd8 27.
Rxd8+ Qxd8 28. Qd3 Bd4 29. Qc2 b4 30. Bf1 a5 31. Bb5 Nd7 32. Kg2 Nc5 33. Qe2
Qa8 34. f3 a4 35. bxa4 Nxa4 36. Qc2 Nc3 37. Bc4 Be3 38. Nd3 Nxe4 39. Nxe5 Nd6
40. Bb3 Bd4 41. Nc6 Bc3 42. Ne7+ Kf8 43. Nd5 Kg8 44. Nxc3 bxc3 45. Qxc3 Qe8 46.
Qd2 Nf5 47. Bc2 Ne3+ 48. Kf2 Nxc2 49. Qxc2 Qe6 50. Kg2 g5 51. Qd2 Qa6 52. Qd8+
Kh7 53. Qd2 Qa3 54. Qc2+ Kg7 55. g4 Kg8 56. Qd2 Kg7 57. Kg3 Kh7 58. h4 gxh4+
59. Kg2 Kg8 60. Qe2 Qd6 61. Qf2 Qf6 62. Kh3 h5 63. gxh5 Qf5+ 64. Kxh4 Qf4+ 65.
Kh3 Qf5+ 66. Kg2 Qxh5 67. Qg3+ Kf8 68. Qg4 Qa5 69. a4 Qc5 70. Qe4 Qg5+ 71. Kf1
Qc1+ 72. Ke2 Qb2+ 73. Ke3 Qc3+ 74. Kf4 Qf6+ 75. Kg4 Qg7+ 76. Kf5 Qg6+ 77. Ke5
Qe6+ 78. Kd4 Qd6+ 79. Kc4 Qa6+ 80. Kb3 Qa7 81. Qb4+ Kg8 82. a5 Qe3+ 83. Qc3
Qe6+ 84. Kb4 Qe7+ 85. Qc5 Qb7+ 86. Qb6 Qxf3 87. a6 Qe4+ 88. Kc5 Qe5+ 89. Kc6
Qe6+ 90. Kb7 Qd7+ 91. Qc7 Qb5+ 92. Ka7 Kg7 93. Qg3+ Kh6 94. Qf4+ Kg6 95. Qg3+
Kh6 96. Qe3+ Kh5 97. Qf3+ Kg6 98. Qb7 Qe8 99. Qg2+ Kh5 100. Qd5+ Kg4 101. Qc4+
Kh5 102. Kb7 Qd7+ 103. Kb8 Qd8+ 104. Qc8 Qb6+ 105. Ka8 1/2-1/2

[Event "GBR-ch105 Major Open"]
[Site "Hull"]
[Date "2018.07.28"]
[Round "1"]
[White "Cowan, Richard M"]
[Black "Ogunshola, Ben"]
[Result "0-1"]
[WhiteElo "1865"]
[BlackElo "2143"]
[PlyCount "64"]
[EventDate "2018.07.28"]
[EventType "swiss"]
[EventRounds "9"]
[EventCountry "GBR"]
[SourceTitle "CBM 185 Extra"]
[Source "ChessBase"]
[SourceDate "2018.06.29"]
[SourceVersion "1"]
[SourceVersionDate "2018.06.29"]
[SourceQuality "1"]

1. Nf3 Nf6 2. g3 g6 3. Bg2 Bg7 4. c4 O-O 5. O-O Nc6 6. d4 d6 7. d5 Na5 8. Na3
c5 9. Re1 Rb8 10. Qd3 a6 11. Rb1 b5 12. b3 Bd7 13. Bd2 Qc7 14. e4 Rb7 15. Nc2
Rfb8 16. Ne3 Ng4 17. Rbc1 Nxe3 18. Qxe3 bxc4 19. bxc4 Rb2 20. e5 Rxa2 21. exd6
exd6 22. Ng5 Rxd2 23. Qxd2 Nb3 24. Qf4 Bf5 25. Be4 h6 26. Nxf7 Qxf7 27. Qxd6
Rf8 28. Rc2 Nd4 29. Ra2 Bxe4 30. Rxe4 Qf5 31. Qf4 Qh3 32. Qh4 Nf3+ 0-1

[Event "GBR-ch105 Major Open"]
[Site "Hull"]
[Date "2018.07.28"]
[Round "1"]
[White "Easwar, Dhruv"]
[Black "Boswell, Jacob Connor"]
[Result "1/2-1/2"]
[WhiteElo "1793"]
[BlackElo "1992"]
[PlyCount "71"]
[EventDate "2018.07.28"]
[EventType "swiss"]
[EventRounds "9"]
[EventCountry "GBR"]
[SourceTitle "CBM 185 Extra"]
[Source "ChessBase"]
[SourceDate "2018.06.29"]
[SourceVersion "1"]
[SourceVersionDate "2018.06.29"]
[SourceQuality "1"]

1. e4 e5 2. Nf3 Nc6 3. Bb5 a6 4. Ba4 Nf6 5. O-O Be7 6. Re1 b5 7. Bb3 O-O 8. a4
b4 9. c3 d6 10. h3 Rb8 11. d4 Nd7 12. Nbd2 Na5 13. Bc2 c5 14. d5 bxc3 15. bxc3
Nb6 16. Nb3 Nxb3 17. Bxb3 f5 18. a5 Na8 19. Nxe5 dxe5 20. d6+ Kh8 21. dxe7 Qxe7
22. Bc2 f4 23. Rb1 Rxb1 24. Bxb1 Nc7 25. Bd3 Ne6 26. Bc4 Ng5 27. h4 Ne6 28. Qh5
f3 29. Qxe5 Qxh4 30. g3 Qh3 31. Bf1 Qg4 32. Kh2 Re8 33. Qf5 Qxf5 34. exf5 Nc7
35. Rxe8+ Nxe8 36. Be3 1/2-1/2

[Event "GBR-ch105 Major Open"]
[Site "Hull"]
[Date "2018.07.28"]
[Round "1"]
[White "Gardiner, Eric D"]
[Black "Sheppard, Derek Alan"]
[Result "1-0"]
[WhiteElo "1939"]
[BlackElo "1747"]
[PlyCount "153"]
[EventDate "2018.07.28"]
[EventType "swiss"]
[EventRounds "9"]
[EventCountry "GBR"]
[SourceTitle "CBM 185 Extra"]
[Source "ChessBase"]
[SourceDate "2018.06.29"]
[SourceVersion "1"]
[SourceVersionDate "2018.06.29"]
[SourceQuality "1"]

1. e4 e6 2. d4 d5 3. e5 c5 4. c3 Qb6 5. Nf3 Bd7 6. Be2 cxd4 7. cxd4 Bb5 8. O-O
Bxe2 9. Qxe2 Qa6 10. Qe3 Ne7 11. Nc3 Nbc6 12. Rd1 Nf5 13. Qd3 Qxd3 14. Rxd3 Bb4
15. Be3 O-O 16. a3 Bxc3 17. Rxc3 Rac8 18. Rac1 Nce7 19. Rc7 Rb8 20. g4 Nxe3 21.
Rxe7 Nc4 22. b3 Nxa3 23. Rcc7 Nb5 24. Rxb7 Rxb7 25. Rxb7 a6 26. Kf1 h6 27. Rb6
Nc7 28. Rc6 Nb5 29. Rxa6 Rc8 30. Rb6 Nc3 31. Nd2 g6 32. f3 Kg7 33. Kf2 Nd1+ 34.
Ke2 Nc3+ 35. Kd3 g5 36. Rb7 Kg6 37. b4 Nd1 38. Rb5 Nc3 39. Rc5 Rxc5 40. bxc5
Nb5 41. Nb3 f6 42. Ke3 f5 43. Na5 f4+ 44. Kd3 Kf7 45. Nb7 Ke7 46. Nd6 Na7 47.
Kc3 Nc6 48. Nb5 Kd7 49. Na3 Kc7 50. Nc2 Kb7 51. Na3 Kc7 52. Nb5+ Kd7 53. Kd3
Nb4+ 54. Kd2 Nc6 55. Kc3 Kd8 56. Kd2 Kd7 57. Kc2 Kd8 58. Kb3 Kd7 59. Kc3 Kd8
60. Kd3 Nb4+ 61. Kc3 Nc6 62. Na3 Kc7 63. Nc2 Kb7 64. Nb4 Na5 65. c6+ Kb6 66.
Kd3 Kc7 67. Na6+ Kxc6 68. Nc5 Kc7 69. Nxe6+ Kd7 70. Ng7 Nc6 71. Nf5 Ke6 72.
Nxh6 Ne7 73. h3 Ng6 74. Nf5 Nf8 75. h4 gxh4 76. Nxh4 Nh7 77. Ng6 1-0

[Event "GBR-ch105 Major Open"]
[Site "Hull"]
[Date "2018.07.28"]
[Round "1"]
[White "Garnett, John S"]
[Black "Evans, Nicholas Thomas"]
[Result "1-0"]
[WhiteElo "1916"]
[BlackElo "1885"]
[PlyCount "77"]
[EventDate "2018.07.28"]
[EventType "swiss"]
[EventRounds "9"]
[EventCountry "GBR"]
[SourceTitle "CBM 185 Extra"]
[Source "ChessBase"]
[SourceDate "2018.06.29"]
[SourceVersion "1"]
[SourceVersionDate "2018.06.29"]
[SourceQuality "1"]

1. d4 d5 2. Nf3 e6 3. e3 c5 4. b3 Nf6 5. Bd3 Nc6 6. O-O Bd6 7. Bb2 Qc7 8. dxc5
Bxc5 9. Bxf6 gxf6 10. Nbd2 O-O 11. c4 dxc4 12. Nxc4 Nb4 13. a3 Nxd3 14. Qxd3 b5
15. Ncd2 Qd7 16. Qc3 Be7 17. Ne4 e5 18. Rfd1 Qe6 19. b4 Bb7 20. Nc5 Rfc8 21.
Ne1 Bxc5 22. bxc5 Qc4 23. Rac1 Rxc5 24. Qa1 Rac8 25. Rxc4 bxc4 26. Qb2 Be4 27.
Qc3 Rb8 28. Rc1 Rb3 29. Qa1 c3 30. f3 Ra5 31. Rxc3 Rb1 32. Rc8+ Kg7 33. Qc3 Bf5
34. Qxa5 Bxc8 35. Kf2 Rb2+ 36. Kg3 Rb7 37. Nd3 Rb3 38. Nc5 Rxe3 39. Qxa7 1-0

[Event "GBR-ch105 Major Open"]
[Site "Hull"]
[Date "2018.07.28"]
[Round "1"]
[White "Hubbard, Michael"]
[Black "Cooper, John G ENG"]
[Result "0-1"]
[WhiteElo "1888"]
[BlackElo "2192"]
[PlyCount "118"]
[EventDate "2018.07.28"]
[EventType "swiss"]
[EventRounds "9"]
[EventCountry "GBR"]
[SourceTitle "CBM 185 Extra"]
[Source "ChessBase"]
[SourceDate "2018.06.29"]
[SourceVersion "1"]
[SourceVersionDate "2018.06.29"]
[SourceQuality "1"]

1. e4 c5 2. Nf3 Nc6 3. Bb5 e6 4. Bxc6 bxc6 5. O-O d5 6. Re1 Bd6 7. d3 Ne7 8.
Nbd2 Ng6 9. Nb3 Qe7 10. Qd2 f6 11. Qc3 c4 12. a3 dxe4 13. dxe4 Ba6 14. Na5 Ne5
15. b4 cxb3 16. cxb3 Qc7 17. b4 O-O 18. Nd4 Ng4 19. g3 Be5 20. h3 Rfd8 21. Nab3
Qb6 22. hxg4 Bxd4 23. Nxd4 Qxd4 24. Qxd4 Rxd4 25. Bb2 Rd2 26. Bc3 Rc2 27. Rac1
Rxc1 28. Rxc1 Rd8 29. Re1 e5 30. g5 Rd3 31. Rc1 fxg5 32. g4 Bb5 33. Bxe5 Rxa3
34. Ra1 Rxa1+ 35. Bxa1 Be2 36. Bd4 a6 37. Kg2 Bxg4 38. Kg3 Be2 39. f4 gxf4+ 40.
Kxf4 Kf7 41. Ke5 Bd3 42. Kf4 h6 43. e5 Ke6 44. Ke3 Bf5 45. Kf4 g5+ 46. Kg3 Kd5
47. Bc3 Kc4 48. Bd2 Kd4 49. Bc1 Kc3 50. Kf3 Kxb4 51. Ke3 c5 52. Bb2 Kb3 53. Ba1
Kc2 54. Ke2 h5 55. Kf3 Kd2 56. Bb2 c4 57. Ba3 a5 58. Bc5 c3 59. Be3+ Kd1 0-1

[Event "GBR-ch105 Major Open"]
[Site "Hull"]
[Date "2018.07.28"]
[Round "1"]
[White "Jamroz, Viktor"]
[Black "Modi, Kishan Jagdish"]
[Result "0-1"]
[WhiteElo "1719"]
[BlackElo "1938"]
[PlyCount "128"]
[EventDate "2018.07.28"]
[EventType "swiss"]
[EventRounds "9"]
[EventCountry "GBR"]
[SourceTitle "CBM 185 Extra"]
[Source "ChessBase"]
[SourceDate "2018.06.29"]
[SourceVersion "1"]
[SourceVersionDate "2018.06.29"]
[SourceQuality "1"]

1. e4 c5 2. Nf3 d6 3. c3 Nf6 4. Be2 g6 5. O-O Bg7 6. Qc2 Qc7 7. h3 O-O 8. d3
Nc6 9. Be3 b6 10. Nbd2 Ba6 11. Rfe1 Rac8 12. Nf1 e5 13. Ng3 Rfe8 14. c4 Bb7 15.
Qd2 a6 16. a3 a5 17. Bh6 Qe7 18. Bxg7 Kxg7 19. Qg5 Kh8 20. h4 Ng8 21. h5 Qxg5
22. Nxg5 Rc7 23. hxg6 hxg6 24. Bg4 Nd4 25. Rf1 Nh6 26. Bd1 f6 27. Nf3 Nxf3+ 28.
Bxf3 f5 29. Bd1 f4 30. Ne2 Bc6 31. Nc3 Rb8 32. a4 g5 33. f3 Kg7 34. Kf2 Kf6 35.
Nd5+ Bxd5 36. cxd5 Rh7 37. Bb3 Rg8 38. Bc4 Ke7 39. Bb5 Kd8 40. Rac1 Rhg7 41.
Rh1 Rg6 42. Rh5 g4 43. Rch1 Nf7 44. Rh7 Ke7 45. fxg4 Rxg4 46. R1h2 R8g7 47. Ba6
Rxg2+ 48. Rxg2 Rxh7 49. Bc8 Kf6 50. Bf5 Rg7 51. Rh2 Rg3 52. Be6 Rxd3 53. Rh7
Ng5 54. Rd7 Nxe4+ 55. Ke2 Rb3 56. Rf7+ Kg6 57. Rf8 Rxb2+ 58. Kd3 Nf6 59. Rd8
e4+ 60. Kc3 Rb4 61. Rxd6 e3 62. Bg4 Rd4 63. Bf3 Kf5 64. Rxb6 Nxd5+ 0-1

[Event "GBR-ch105 Major Open"]
[Site "Hull"]
[Date "2018.07.28"]
[Round "1"]
[White "Jaufarally, Nadia"]
[Black "Dawson, Euan"]
[Result "1-0"]
[WhiteElo "1988"]
[BlackElo "1785"]
[PlyCount "85"]
[EventDate "2018.07.28"]
[EventType "swiss"]
[EventRounds "9"]
[EventCountry "GBR"]
[SourceTitle "CBM 185 Extra"]
[Source "ChessBase"]
[SourceDate "2018.06.29"]
[SourceVersion "1"]
[SourceVersionDate "2018.06.29"]
[SourceQuality "1"]

1. e4 c5 2. Nf3 e6 3. d4 cxd4 4. Nxd4 a6 5. Nc3 Qc7 6. Be2 Nf6 7. O-O d6 8. Be3
b5 9. a3 Bb7 10. f3 Be7 11. Qe1 O-O 12. Rd1 Nbd7 13. Nb3 Rfd8 14. Qf2 Rac8 15.
g4 Nc5 16. Nd4 Nfd7 17. b4 Na4 18. Nxa4 bxa4 19. c4 Ne5 20. Rc1 Qd7 21. f4 Nc6
22. Bd3 Nxd4 23. Bxd4 e5 24. fxe5 Qxg4+ 25. Kh1 Bxe4+ 26. Bxe4 Qxe4+ 27. Kg1
Qg6+ 28. Qg2 Qxg2+ 29. Kxg2 dxe5 30. Bxe5 a5 31. bxa5 Bxa3 32. Ra1 Rd2+ 33. Kg3
Be7 34. Rxa4 Rc2 35. Rb1 f6 36. Rb8 Rxb8 37. Bxb8 Bc5 38. a6 Rc3+ 39. Kf4 g5+
40. Ke4 Rc2 41. Kd5 Bg1 42. a7 Bxa7 43. Rxa7 1-0

[Event "GBR-ch105 Major Open"]
[Site "Hull"]
[Date "2018.07.28"]
[Round "1"]
[White "Jones, Steven"]
[Black "Rushbrooke, Remy"]
[Result "1-0"]
[WhiteElo "2203"]
[BlackElo "1889"]
[PlyCount "57"]
[EventDate "2018.07.28"]
[EventType "swiss"]
[EventRounds "9"]
[EventCountry "GBR"]
[SourceTitle "CBM 185 Extra"]
[Source "ChessBase"]
[SourceDate "2018.06.29"]
[SourceVersion "1"]
[SourceVersionDate "2018.06.29"]
[SourceQuality "1"]

1. e4 e5 2. Nf3 Nf6 3. d4 Nxe4 4. Bd3 d5 5. Nxe5 Nd7 6. Nxd7 Bxd7 7. O-O Bd6 8.
Qh5 g6 9. Qxd5 Bc6 10. Qb3 Qh4 11. h3 O-O-O 12. Nc3 Ng3 13. d5 Bd7 14. fxg3
Qxg3 15. Ne4 Qh2+ 16. Kf2 Bxh3 17. Rg1 Be7 18. Bg5 f6 19. Be3 f5 20. Ng5 f4 21.
Nxh3 Bh4+ 22. Ke2 Rde8 23. d6 Rxe3+ 24. Kd2 Rhe8 25. d7+ Kxd7 26. Qa4+ c6 27.
Qxf4 Qxf4 28. Nxf4 Bg5 29. Raf1 1-0

[Event "GBR-ch105 Major Open"]
[Site "Hull"]
[Date "2018.07.28"]
[Round "1"]
[White "Karia, Rishul"]
[Black "Shaw, Peter"]
[Result "1/2-1/2"]
[WhiteElo "1836"]
[BlackElo "2093"]
[PlyCount "101"]
[EventDate "2018.07.28"]
[EventType "swiss"]
[EventRounds "9"]
[EventCountry "GBR"]
[SourceTitle "CBM 185 Extra"]
[Source "ChessBase"]
[SourceDate "2018.06.29"]
[SourceVersion "1"]
[SourceVersionDate "2018.06.29"]
[SourceQuality "1"]

1. e4 c5 2. Nc3 a6 3. a4 Nc6 4. f4 g6 5. Nf3 Bg7 6. Bc4 e6 7. d3 Nge7 8. e5 d5
9. exd6 Qxd6 10. O-O b6 11. Ne4 Qc7 12. c3 O-O 13. Qe2 Nf5 14. g4 Nd6 15. Bb3
Bb7 16. Nfg5 Na5 17. Bc2 Rad8 18. Nxd6 Qxd6 19. f5 exf5 20. gxf5 Qd5 21. Qe4
Rfe8 22. Qxd5 Bxd5 23. fxg6 hxg6 24. Ne4 c4 25. Bg5 cxd3 26. Bxd3 Bxe4 27. Bxe4
f6 28. Bxg6 fxg5 29. Bxe8 Rxe8 30. Rfe1 Rxe1+ 31. Rxe1 Kf7 32. Re4 Nc6 33. Rc4
Ne5 34. Rb4 Bf8 35. Re4 Bc5+ 36. Kg2 Ke6 37. b4 Kd5 38. Re2 Bf8 39. b5 a5 40.
Kg3 Bc5 41. Kh3 Nd3 42. Kg4 Kc4 43. Kxg5 Kxc3 44. h4 Nb2 45. Re4 Kb3 46. h5
Nxa4 47. h6 Bf8 48. h7 Bg7 49. Re7 Bh8 50. Re8 Ba1 51. Re1 1/2-1/2

[Event "GBR-ch105 Major Open"]
[Site "Hull"]
[Date "2018.07.28"]
[Round "1"]
[White "Metcalfe, Charles P"]
[Black "Cusick, Peter W"]
[Result "0-1"]
[WhiteElo "1762"]
[BlackElo "1947"]
[PlyCount "82"]
[EventDate "2018.07.28"]
[EventType "swiss"]
[EventRounds "9"]
[EventCountry "GBR"]
[SourceTitle "CBM 185 Extra"]
[Source "ChessBase"]
[SourceDate "2018.06.29"]
[SourceVersion "1"]
[SourceVersionDate "2018.06.29"]
[SourceQuality "1"]

1. d4 Nf6 2. Nf3 e6 3. c4 Bb4+ 4. Bd2 Qe7 5. g3 Nc6 6. Nc3 Bxc3 7. Bxc3 Ne4 8.
Rc1 Nxc3 9. Rxc3 d6 10. d5 Nb8 11. dxe6 fxe6 12. Bg2 O-O 13. Nd4 e5 14. Nc2 a5
15. O-O Na6 16. Qd5+ Be6 17. Qxb7 Nc5 18. Qxa8 Rxa8 19. Bxa8 Na4 20. Rb3 Nb6
21. Bd5 Nxd5 22. cxd5 Bxd5 23. Rb5 Bc4 24. Rxa5 Bxe2 25. Re1 Bc4 26. Ne3 Be6
27. a4 c6 28. Rc1 Qb7 29. b4 Qxb4 30. Ra8+ Kf7 31. Ra7+ Kf6 32. a5 d5 33. Ra6
d4 34. Rcxc6 dxe3 35. Rxe6+ Kf5 36. fxe3 Qe1+ 37. Kg2 Qe2+ 38. Kg1 Kg4 39. Rxe5
Qxa6 40. Kf2 Qf6+ 41. Kg1 Qxe5 0-1

[Event "GBR-ch105 Major Open"]
[Site "Hull"]
[Date "2018.07.28"]
[Round "1"]
[White "Modi, Shyam Jagdish"]
[Black "Brown, Tom"]
[Result "1-0"]
[WhiteElo "1973"]
[BlackElo "1781"]
[PlyCount "135"]
[EventDate "2018.07.28"]
[EventType "swiss"]
[EventRounds "9"]
[EventCountry "GBR"]
[SourceTitle "CBM 185 Extra"]
[Source "ChessBase"]
[SourceDate "2018.06.29"]
[SourceVersion "1"]
[SourceVersionDate "2018.06.29"]
[SourceQuality "1"]

1. d4 d5 2. c4 dxc4 3. e3 Nf6 4. Bxc4 e6 5. Nf3 a6 6. O-O c5 7. Bb3 Nc6 8. Nc3
cxd4 9. exd4 Be7 10. Bg5 O-O 11. Qd2 b5 12. d5 exd5 13. Nxd5 Nxd5 14. Bxd5 Bxg5
15. Nxg5 Ra7 16. Rfd1 Rd7 17. Rac1 Ne5 18. f4 Qb6+ 19. Qd4 Qxd4+ 20. Rxd4 Nc4
21. b3 Nb6 22. Rcd1 Nxd5 23. Rxd5 Rxd5 24. Rxd5 Re8 25. Kf2 f6 26. Nf3 Kf7 27.
Nd4 Re7 28. g3 Rd7 29. Rxd7+ Bxd7 30. b4 Be6 31. a3 Bd5 32. Ke3 g6 33. Ne2 Ke6
34. Kd4 Kd6 35. Nc3 Bc6 36. Nd1 Bd5 37. Nb2 Bc6 38. Nd3 Bb7 39. Nc5 Bc8 40.
Ne4+ Ke6 41. g4 h5 42. Nc5+ Kd6 43. gxh5 gxh5 44. h4 f5 45. Nb3 Be6 46. Nd2 Bd5
47. Nf1 Bf3 48. Ne3 Be4 49. Nd1 Bf3 50. Nc3 Bc6 51. Ke3 Bd5 52. Ne2 Be6 53. Ng3
Kd5 54. Nxh5 Kc4 55. Ng7 Bf7 56. Nxf5 Kb3 57. Nd6 Bh5 58. Kd4 Kxa3 59. Kc3 Ka4
60. f5 a5 61. bxa5 b4+ 62. Kb2 Kxa5 63. f6 Kb6 64. f7 Bxf7 65. Nxf7 Kc7 66. h5
Kd7 67. h6 Ke7 68. h7 1-0

[Event "GBR-ch105 Major Open"]
[Site "Hull"]
[Date "2018.07.28"]
[Round "1"]
[White "Nayak, Raghav"]
[Black "Willow, Jonah B"]
[Result "0-1"]
[WhiteElo "1901"]
[BlackElo "2265"]
[PlyCount "62"]
[EventDate "2018.07.28"]
[EventType "swiss"]
[EventRounds "9"]
[EventCountry "GBR"]
[SourceTitle "CBM 185 Extra"]
[Source "ChessBase"]
[SourceDate "2018.06.29"]
[SourceVersion "1"]
[SourceVersionDate "2018.06.29"]
[SourceQuality "1"]

1. e4 c5 2. Nf3 e6 3. d4 cxd4 4. Nxd4 Nc6 5. Nc3 Qc7 6. Ndb5 Qb8 7. Be3 Nf6 8.
f4 a6 9. Nd4 Bb4 10. Qd3 d5 11. e5 Ne4 12. Be2 Bd7 13. O-O Nxd4 14. Bxd4 Bxc3
15. bxc3 Bb5 16. Qe3 Bxe2 17. Qxe2 Qc7 18. c4 Rc8 19. cxd5 exd5 20. e6 O-O 21.
Qg4 f5 22. Qh4 Rce8 23. e7 Qxe7 24. Qe1 Qc7 25. Qb4 Re6 26. Rab1 b5 27. Be5
Qxc2 28. Rbc1 Qd3 29. Rc7 Qe3+ 30. Kh1 Ng3+ 31. hxg3 Rh6# 0-1